Every City to Ever Have an NBA team - Statistics

General Stats
  • This quiz has been taken 75 times
    73 since last reset
  • The average score is 30 of 44
Answer Stats
City % Correct
Los Angeles
98%
Boston
91%
Charlotte
91%
Miami
89%
Seattle
89%
Dallas
88%
Phoenix
88%
Houston
86%
San Francisco
86%
San Antonio
84%
Washington D.C.
84%
Cleveland
83%
Detroit
83%
Memphis
83%
New Orleans
83%
Philadelphia
83%
Portland
83%
Chicago
81%
Minneapolis
81%
Orlando
81%
Atlanta
80%
Denver
80%
Indianapolis
78%
Oklahoma City
78%
Salt Lake City
75%
San Diego
73%
Milwaukee
72%
Toronto
72%
Oakland
66%
St. Louis
66%
Vancouver
66%
Baltimore
64%
Cincinnati
64%
Kansas City
64%
Buffallo
56%
NYC
52%
Rochester
42%
Syracuse
41%
Omaha
30%
Fort Wayne
28%
Sacremento
17%
Moline
0%
Teaneck
0%
Uniondale
0%
No matching quizzes found
Score Distribution
Percent of People with Each Score
Percentile by Number Answered
Your Score History
You have not taken this quiz since the last reset